| 000 | 01814cam a2200337 a 4500 | ||
|---|---|---|---|
| 999 |
_c329038 _d329038 |
||
| 001 | 15969522 | ||
| 003 | Nust | ||
| 005 | 20170420170831.0 | ||
| 008 | 091102r20102009mauab b 001 0 eng | ||
| 010 | _a 2009044012 | ||
| 020 |
_a9780674051348 (cloth : alk. paper) : _c$27.95 |
||
| 020 | _a0674051343 (cloth : alk. paper) | ||
| 035 | _a(OCoLC)ocn456169946 | ||
| 040 |
_aDLC _cDLC _dBTCTA _dYDXCP _dC#P _dBWX _dCDX _dABG _dDLC |
||
| 043 | _aa------ | ||
| 050 | 0 | 0 |
_aHV5840.A74 _bC46 2010 |
| 082 | 0 | 0 |
_a363.45095 _222 _bCHO |
| 100 | 1 | _aChouvy, Pierre-Arnaud. | |
| 245 | 1 | 0 |
_aOpium : _buncovering the politics of the poppy / _cPierre-Arnaud Chouvy. |
| 250 | _a1st Harvard University Press ed. | ||
| 260 |
_aCambridge, Mass. : _bHarvard University Press, _c2010. |
||
| 300 |
_axv, 256 p. : _bill., maps ; _c24 cm. |
||
| 500 | _aOriginally published: London : I.B. Tauris, 2009. | ||
| 504 | _aIncludes bibliographical references (p. [219]-243) and index. | ||
| 505 | 0 | _aOpium : a drug in motion through time and space -- Opium and heroin in Asia : early history and geopolitics -- Opium and heroin in Asia : the Golden Triangle and the Golden Crescent -- All-time highs and lows -- In and out of the Golden Triangle and the Golden Crescent -- War, drugs, and the war on drugs -- Opium poppy cultivation -- Successes and failures -- Drug trafficking routes (maps). | |
| 650 | 0 |
_aOpium trade _xPolitical aspects _zAsia. |
|
| 650 | 0 |
_aOpium trade _xPrevention. |
|
| 650 | 0 |
_aOpium trade _zAsia _xHistory. |
|
| 650 | 0 |
_aDrug control _zAsia. |
|
| 906 |
_a7 _bcbc _corignew _d1 _eecip _f20 _gy-gencatlg |
||
| 942 |
_2ddc _cBK |
||